| 000 | 00758nam a22002412 4500 | ||
|---|---|---|---|
| 001 | 0000000302 | ||
| 005 | 20151021151044.0 | ||
| 008 | 070122s xx 000 0 eng d | ||
| 020 |
_a007124476X : _cKES 3,800 |
||
| 040 |
_aKABU _cKABU |
||
| 050 | 0 |
_aQA76.9 _b.D3S55 2006 |
|
| 100 | 1 |
_aSilberschatz, Abraham. _@0000154772 |
|
| 245 | 1 | 0 |
_aDatabase system concepts / _cAbraham Silberschatz, Henry F. Korth, S. Sudarshan. |
| 250 | _a5th ed. | ||
| 260 |
_aBoston : _bMcGraw-Hill, _c2006. |
||
| 300 | _axv, 1142 p. | ||
| 650 | 0 |
_aDatabase management. _@0000148184 |
|
| 700 | 1 |
_aKorth, Henry F. _@0000154989 |
|
| 700 | 1 |
_aSudarshan, S. _@0000154990 |
|
| 908 | _a070122 | ||
| 950 | _@1 | ||
| 999 |
_c161 _d161 |
||